Catálogo público

Estudio Integral de una Unidad de Producción Agroindustrial en la empresa S.A.T. N°5645 El Olivo en Vilches, Jaén, España / (Record no. 217559)

MARC details
000 -CABECERA
campo de control de longitud fija 02093nam a22003737a 4500
003 - IDENTIFICADOR DEL NÚMERO DE CONTROL
campo de control CHAP
005 - FECHA Y HORA DE LA ÚLTIMA TRANSACCIÓN
campo de control 20240520121116.0
007 - CAMPO FIJO DE DESCRIPCIÓN FÍSICA--INFORMACIÓN GENERAL
campo de control de longitud fija ta
008 - DATOS DE LONGITUD FIJA--INFORMACIÓN GENERAL
campo de control de longitud fija 220805s2019 mx edobfr||||a001 0 spa d
040 ## - FUENTE DE LA CATALOGACIÓN
Centro catalogador/agencia de origen mxchpua
090 ## - LOCALMENTE ASIGNADO TIPO-LC NÚMERO DE CLASIFICACIÓN (OCLC); NÚMERO DE CLASIFICACIÓN LOCAL (RLIN)
Número de clasificación (OCLC) (R) ; Numero de clasificación, CALL (RLIN) (NR) T.C.825
Número cutter local (OCLC) ; Número de libro/Signatura topográfica íntegra, CALL (RLIN) L36 EIUPA
Año 2019
245 10 - MENCIÓN DE TÍTULO
Título Estudio Integral de una Unidad de Producción Agroindustrial en la empresa S.A.T. N°5645 El Olivo en Vilches, Jaén, España /
Mención de responsabilidad, etc. coordinadores Patricia Landa Salgado y Diana América Reyna Izaguirre ; colaboradores Jonathan Leonardo Aguilar Cruz...[y otros]
260 ## - PUBLICACIÓN, DISTRIBUCIÓN, ETC.
Lugar de publicación, distribución, etc. Chapingo, México :
Nombre del editor, distribuidor, etc. El autor,
Fecha de publicación, distribución, etc. 2019
300 ## - DESCRIPCIÓN FÍSICA
Extensión 88 hojas :
Otras características físicas gráficas, mapas, diagramas, fotos, planos +
Material acompañante/anejo 1 CD-ROM
336 ## - TIPO DE CONTENIDO
Fuente rdacontent
Término de tipo de contenido text
Código de tipo de contenido txt
337 ## - TIPO DE MEDIO
Fuente rdamedia
Nombre/término del tipo de medio sin medio
Código del tipo de medio n
338 ## - TIPO DE SOPORTE
Fuente rdacarrier
Nombre/término del tipo de soporte volumen
Código del tipo de soporte nc
500 ## - NOTA GENERAL
Nota general Grado: 7° Grupo: 5
502 ## - NOTA DE TESIS
Nota de tesis Viaje de Estudios
Tipo de título (EIUPA)
Nombre de la institución que otorga el título UACh. Departamento de Ingeniería Agroindustrial,
Año de obtención del título 2019
504 ## - NOTA DE BIBLIOGRAFÍA, ETC.
Nota de bibliografía, etc. Bibliografía: hojas 81-83
505 0# - NOTA DE CONTENIDO CON FORMATO
Nota de contenido con formato Contiene 4 planos : --<br/>1. Distribución de áreas (Esc. 1:175) --<br/>2. Distribución de equipo --<br/>3. Diagrama de recorrido --<br/>4. DTI
650 13 - PUNTO DE ACCESO ADICIONAL DE MATERIA--TÉRMINO DE MATERIA
9 (RLIN) 442
Término de materia o nombre geográfico como elemento de entrada Aceite de oliva
650 13 - PUNTO DE ACCESO ADICIONAL DE MATERIA--TÉRMINO DE MATERIA
Término de materia o nombre geográfico como elemento de entrada Industria de la grasa y el aceite
Subdivisión geográfica España
650 13 - PUNTO DE ACCESO ADICIONAL DE MATERIA--TÉRMINO DE MATERIA
9 (RLIN) 155374
Término de materia o nombre geográfico como elemento de entrada Olive oil
650 13 - PUNTO DE ACCESO ADICIONAL DE MATERIA--TÉRMINO DE MATERIA
Término de materia o nombre geográfico como elemento de entrada Fats and oils industry
Subdivisión geográfica España
700 1# - PUNTO DE ACCESO ADICIONAL--NOMBRE DE PERSONA
Nombre de persona Landa Salgado, Patricia
Término indicativo de función/relación coordinadora
700 1# - PUNTO DE ACCESO ADICIONAL--NOMBRE DE PERSONA
Nombre de persona Reyna Izaguirre, Diana América
Término indicativo de función/relación coordinadora
9 (RLIN) 147338
700 1# - PUNTO DE ACCESO ADICIONAL--NOMBRE DE PERSONA
9 (RLIN) 163099
Nombre de persona Aguilar Cruz, Jonathan Leonardo
Término indicativo de función/relación colaborador
856 41 - LOCALIZACIÓN Y ACCESO ELECTRÓNICOS
Identificador Uniforme del Recurso <a href="http://10.13.5.2/ve/T_C_825_EIUPA/T_C_825_EIUPA_2019_REPORTE.pdf">http://10.13.5.2/ve/T_C_825_EIUPA/T_C_825_EIUPA_2019_REPORTE.pdf</a>
Texto de enlace DESCARGAR REPORTE
856 41 - LOCALIZACIÓN Y ACCESO ELECTRÓNICOS
Identificador Uniforme del Recurso <a href="http://10.13.5.2/ve/T_C_825_EIUPA/T_C_825_EIUPA_2019_PLANO_DISTRIBUCION_DE_AREAS.pdf">http://10.13.5.2/ve/T_C_825_EIUPA/T_C_825_EIUPA_2019_PLANO_DISTRIBUCION_DE_AREAS.pdf</a>
Texto de enlace DESCARGAR DISTRIBUCIÓN DE ÁREAS (ESC. 1:175)
856 41 - LOCALIZACIÓN Y ACCESO ELECTRÓNICOS
Identificador Uniforme del Recurso <a href="http://10.13.5.2/ve/T_C_825_EIUPA/T_C_825_EIUPA_2019_PLANO_DISTRIBUCION_DE_EQUIPOS.pdf">http://10.13.5.2/ve/T_C_825_EIUPA/T_C_825_EIUPA_2019_PLANO_DISTRIBUCION_DE_EQUIPOS.pdf</a>
Texto de enlace DESCARGAR DISTRIBUCIÓN DE EQUIPO
856 41 - LOCALIZACIÓN Y ACCESO ELECTRÓNICOS
Identificador Uniforme del Recurso <a href="http://10.13.5.2/ve/T_C_825_EIUPA/T_C_825_EIUPA_2019_PLANO_DIAGRAMA_DE_RECORRIDO.pdf">http://10.13.5.2/ve/T_C_825_EIUPA/T_C_825_EIUPA_2019_PLANO_DIAGRAMA_DE_RECORRIDO.pdf</a>
Texto de enlace DESCARGAR DIAGRAMA DE RECORRIDO
856 41 - LOCALIZACIÓN Y ACCESO ELECTRÓNICOS
Identificador Uniforme del Recurso <a href="http://10.13.5.2/ve/T_C_825_EIUPA/T_C_825_EIUPA_2019_PLANO_DTI.pdf">http://10.13.5.2/ve/T_C_825_EIUPA/T_C_825_EIUPA_2019_PLANO_DTI.pdf</a>
Texto de enlace DESCARGAR DTI
Holdings
Estado de retiro Estado de pérdida Fuente del sistema de clasificación o colocación Estado dañado Restricciones de uso No para préstamo Código de colección Localización permanente Ubicación/localización actual Fecha de adquisición Fuente de adquisición Total de préstamos Signatura topográfica completa Código de barras Fecha visto por última vez Número de copia Precio válido a partir de Tipo de ítem Koha Ubicación en estantería
    Clasificación Universidad Autónoma de Chapingo   Préstamo interno   Viajes de Estudio Ingenieria Agroindustrial Ingenieria Agroindustrial 05/08/2022 El autor   T.C.825 L36 EIUPA 2019 1106013575 26/01/2026 Ej.1 05/08/2022 Viaje de Estudios  
    Clasificación Universidad Autónoma de Chapingo   Préstamo interno   Viajes de Estudio Ingenieria Agroindustrial Ingenieria Agroindustrial 05/08/2022 El autor   T.C.825 L36 EIUPA 2019 1106013576 05/08/2022 Ej.2 05/08/2022 CD  
    Clasificación Universidad Autónoma de Chapingo       Viajes de estudio - En línea Ingenieria Agroindustrial Ingenieria Agroindustrial 24/02/2023 El autor   T.C.825 L36 EIUPA 2019 1206013575 24/02/2023   24/02/2023 Viajes de Estudio - En línea En línea